000 00379 a2200121 4500
001 ART_9056
005 20260410161845.0
008 260409a
245 1 0 _a¿Economía abierta y política cerrada?
100 1 _aDíaz Alejandro, Carlos F.
700 1 _aSuárez, Eduardo L.
773 0 _tEl trimestre económico
_g- Vol. L, Nº 197 (ene./mar. 1983)
_wREV6933
999 _c24493
_d24493